|
|
|
|
| LEADER |
02674njm a2200577 a 4500 |
| 001 |
cpz20031293633 |
| 003 |
CZ PrNK |
| 005 |
20031211171255.0 |
| 007 |
sd fsngnnmmned |
| 008 |
031211s1999 xr ppn e cze |
| 015 |
|
|
|a cnb001293633
|
| 028 |
0 |
1 |
|a VM 0046-2
|b Vaško music
|
| 040 |
|
|
|a ABA001
|b cze
|
| 045 |
|
|
|a x9x9
|
| 048 |
|
|
|a oe
|b vu
|
| 080 |
|
|
|a 785.12.088
|2 MRF
|
| 080 |
|
|
|a 784.4.011.26
|2 MRF
|
| 080 |
|
|
|a 785.12
|2 MRF
|
| 080 |
|
|
|a 78.03.011.26
|2 MRF
|
| 080 |
|
|
|a 78.088
|2 MRF
|
| 080 |
|
|
|a (086.76)
|2 MRF
|
| 100 |
1 |
|
|a Procházka, Standa,
|d 1919-2016
|7 jn20000728529
|4 sng
|
| 245 |
1 |
0 |
|a Kavárna Vltava a Standa Procházka, aneb, Jak se slaví 80
|h [zvukový záznam]
|
| 260 |
|
|
|a Praha :
|b Vaško music,
|c p1999
|
| 300 |
|
|
|a 1 zvuková deska (44:52) :
|b digital ;
|c 12 cm +
|e 1 leták (12 x 24 cm)
|
| 306 |
|
|
|a 004452
|
| 500 |
|
|
|a Kompaktní deska
|
| 500 |
|
|
|a Název převzat z letáku
|
| 505 |
0 |
0 |
|t Mám malý stan (Mám malý byt) --
|t Včera neděle byla (Včera sobota byla) --
|t Zhasněte lampiony (Zhasněte lampiony, nepřišla) --
|t Babičko, nauč mě charleston (Dědečku, nauč mě čárlston) --
|t Bubenické tango --
|t Motýl (Píseň o sportce) --
|t Polír --
|t Až já půjdu do nebe --
|t Proč jste maminko daleko ode mne --
|t Bábrlinka z Podskalí --
|t Gangáža --
|t Kostelíček --
|t Dvě písmenka tvého jména --
|t Zavolej mě zase zpátky (Nebudu ti říkat Mary) --
|t Vezmi kytaru a zpívej --
|t Dnes zvečera --
|t Písnička z mládí --
|t Nikde nejsou ženy krásnější (Nikde nejsou muži krásnější) --
|t Po starých zámeckých schodech
|
| 511 |
0 |
|
|a Standa Procházka st., zpěv, autor textů parodií na známé písňové texty
|
| 511 |
0 |
|
|a Doprovází Staropražská kapela
|
| 518 |
|
|
|a Nahráno ve studiu Fermata v r. 1999
|
| 530 |
|
|
|a Vydáno také na kazetě s objednacím číslem VM 0046-4
|
| 650 |
0 |
7 |
|a dechová hudba, úpravy
|7 ph1145089
|2 czenas
|
| 650 |
0 |
7 |
|a populární písně
|7 ph124354
|2 czenas
|
| 655 |
|
7 |
|a dechová hudba
|7 fd980019
|2 czenas
|
| 655 |
|
7 |
|a populární hudba
|7 fd992599
|2 czenas
|
| 655 |
|
7 |
|a písně
|7 fd133162
|2 czenas
|
| 655 |
|
7 |
|a aranžmá (hudba)
|7 fd980034
|2 czenas
|
| 655 |
|
7 |
|a kompaktní disky
|7 fd201991
|2 czenas
|
| 710 |
2 |
|
|a Staropražská kapela
|
| 740 |
0 |
2 |
|a Dědečku, nauč mě čárlston
|
| 740 |
0 |
2 |
|a Nebudu ti říkat Mary
|
| 740 |
0 |
2 |
|a Nikde nejsou muži krásnější
|
| 740 |
0 |
2 |
|a Píseň o sportce
|
| 740 |
0 |
2 |
|a Mám malý byt
|
| 740 |
0 |
2 |
|a Včera sobota byla
|
| 740 |
0 |
2 |
|a Zhasněte lampióny, nepřišla
|
| 990 |
|
|
|a AM
|
| 995 |
|
|
|a 01
|
| 996 |
6 |
|
|b 261H014152
|c CD-0012.873
|l MZK
|r Sklad / do 24 hodin
|n 0
|w 000805685
|u 000010
|a 1
|e BOA001
|j MZK50
|s P
|